Environmental science and technology
| Main Author: | |
|---|---|
| Format: | Book |
| Published: |
New Delhi, India :
Anmol Pub. ,
1998
|
| Subjects: |
MARC
| LEADER | 00000cam a2200000 7i4500 | ||
|---|---|---|---|
| 001 | 0000000293 | ||
| 005 | 20000727.0 | ||
| 020 | 0 | 0 | |a 8174888454 |
| 090 | 0 | 0 | |a 337.7 |b PAN 1998 |
| 100 | 1 | 0 | |a PANDEY |h G. N. |
| 245 | 1 | 0 | |a Environmental science and technology |c G. N. Pandey |
| 260 | 0 | 0 | |a New Delhi, India : |b Anmol Pub. , |c 1998 |
| 300 | |a 405 p. ; |c 23 cm. | ||
| 650 | 0 | 0 | |a Environmental assessment |
| 650 | 0 | 0 | |a Environmental impact analysis |
| 650 | 0 | 0 | |a Environmental sciences |
| 999 | |a 0000001470 |b Monograph |c Open Shelf |e Default branch | ||